[Event "Stay Safe Play From Home 224"]
[Site "T#646781Emanuel Laske"]
[Date "2020.06.14"]
[Round "2"]
[White "mehrdadahouran"]
[Black "Rogan"]
[Result "0-1"]
[WhiteElo "1867"]
[BlackElo "2240"]
[Annotator "TA"]
[PlyCount "104"]
[EventDate "2020.06.14"]
[EventType "swiss (blitz)"]

{[%evp 9,103,43,46,30,30,33,52,6,7,13,13,-10,-12,-57,-52,-54,-52,-70,-62,-75,-80,-139,-131,-221,-177,-162,-132,-581,-558,-546,-577,-541,-385,-588,-382,-516,-516,-740,-679,-1679,-1673,-5693,-3222,-2147,-2012,-29991,-29992,-29992,-29993,-29994,-29995,-29995,-29996,-29996,-29996,-29996,-29985,-29984,-29983,-29983,-29984,-29984,-29985,-29986,-29986,-29987,-29987,-29988,-29988,-29988,-29989,-29989,-29988,-29987,-29988,-29988,-29986,-29992,-29991,-29991,-29992,-29992,-29993,-29993,-29994,-29995,-29994,-29994,-29994,-29995,-29996,-29996,-29997,-29998,-29999,-29999]} 1. d4 d5 2. Bf4 c6 3. c3 Nf6 4. Nd2 Bg4 5. Qb3 Qb6 6. e3 {[#] D00: 1 d4 d5: Unusual lines.} Nbd7 $146 ({Predecessor:} 6... e6 7. Bd3 Bf5 8. Bxf5 exf5 9. Ngf3 Qxb3 10. axb3 Nbd7 11. Ne5 Nh5 12. Nxd7 Kxd7 {1-0 (39) Bauner,J (2054)-Nikolov,Z (1753) Plovdiv 2013}) 7. f3 Bh5 8. Bd3 {White is slightly better.} (8. h4 {is interesting.} Bg6 9. Nh3 e6 10. Nf2 Nh5 11. Bh2) 8... Bg6 9. Bxg6 hxg6 10. Ne2 Nh5 11. Bg3 Nxg3 12. Nxg3 e5 13. O-O Bd6 14. Rae1 O-O-O 15. Ne2 ({White should try} 15. Qxb6 Nxb6 16. Re2) 15... exd4 16. cxd4 (16. Qxb6 $17 Nxb6 17. exd4) 16... Bxh2+ 17. Kf2 Qc7 18. Ng1 $2 {[%mdl 8192] Loses the game.} (18. Rh1 $17 Bd6 19. e4) 18... Bg3+ $19 {[%mdl 64] [#] Skewer} 19. Ke2 Bxe1 20. Rxe1 Rh2 21. Kf1 (21. Kf2 $142) 21... Nb6 22. Re2 Qg3 23. Rf2 Re8 {And now ...Rh1 would win.} 24. Ke2 Rxg2 25. Rxg2 Qxg2+ {[%mdl 64] Double Attack} 26. Kd3 Qxg1 27. a4 Rxe3+ {Black mates.} 28. Kc2 Rxb3 29. Nxb3 Nc4 30. a5 Qf2+ 31. Kc3 Qxf3+ 32. Kb4 {[#]} Qxb3+ $1 33. Kxb3 Nxa5+ {[%mdl 4096] Endgame KN-KPP} 34. Kc3 Nc4 35. b3 Nd6 36. Kd3 Ne4 37. Ke3 g5 38. Kf3 f5 39. Ke3 f4+ 40. Kf3 Nd2+ {[%mdl 64] Double Attack} 41. Kg4 Nxb3 42. Kxg5 Nxd4 43. Kg6 Ne6 44. Kf5 f3 45. Kxe6 {KP-KP} f2 46. Kf7 f1=Q+ 47. Kg8 g5 48. Kg7 g4 49. Kh6 g3 50. Kh5 g2 51. Kh6 g1=Q {[%cal Rf1h3]} 52. Kh7 Qh3# {Accuracy: White = 29%, Black = 79%.} 0-1

[Event "Stay Safe Play From Home 224"]
[Site "T#646781Emanuel Laske"]
[Date "2020.06.14"]
[Round "2"]
[White "Edmatuag"]
[Black "Trotsky"]
[Result "1-0"]
[WhiteElo "1682"]
[BlackElo "1574"]
[Annotator "NA RC"]
[PlyCount "77"]
[EventDate "2020.06.14"]
[EventType "swiss (blitz)"]

1. d4 {[%emt 0:00:01]} d5 {[%emt 0:00:01]} 2. c4 {[%emt 0:00:01]} e6 {[%emt 0:00:00]} 3. Nc3 {[%emt 0:00:02]} c5 {[%emt 0:00:01]} 4. Bf4 {[%emt 0:00:01]} Nc6 {[%emt 0:00:01]} 5. dxc5 {[%emt 0:00:01]} Bxc5 {[%emt 0:00:01]} 6. e3 {[%emt 0:00:01]} Bd6 {[%emt 0:00:03]} 7. g3 {[%emt 0:00:03]} a6 {[%emt 0:00:01]} 8. Bxd6 {[%emt 0:00:02]} Qxd6 {[%emt 0:00:01]} 9. Bg2 {[%emt 0:00:01]} Nf6 {[%emt 0:00:02]} 10. cxd5 {[%emt 0:00:01]} exd5 {[%emt 0:00:01]} 11. Nxd5 {[%emt 0:00:02]} Be6 {[%emt 0:00:05]} 12. Nxf6+ {[%emt 0:00:02]} Ke7 {[%emt 0:00:04]} 13. Qxd6+ {[%emt 0:00:02]} Kxd6 {[%emt 0:00:01]} 14. Ne4+ {[%emt 0:00:03]} Ke7 {[%emt 0:00:02]} 15. Nc3 {[%emt 0:00:00]} Rhc8 {[%emt 0:00:02]} 16. Nge2 {[%emt 0:00:00]} Kf8 {[%emt 0:00:01]} 17. O-O {[%emt 0:00:01]} b5 {[%emt 0:00:02]} 18. Rfd1 {[%emt 0:00:00]} Ne5 {[%emt 0:00:01]} 19. Rac1 {[%emt 0:00:02]} b4 {[%emt 0:00:01]} 20. Ne4 {[%emt 0:00:01]} Rxc1 {[%emt 0:00:02]} 21. Rxc1 {[%emt 0:00:01]} Rc8 {[%emt 0:00:01]} 22. Rxc8+ {[%emt 0:00:02]} Bxc8 {[%emt 0:00:01]} 23. Nd4 {[%emt 0:00:00]} Ke7 {[%emt 0:00:02]} 24. Nc5 {[%emt 0:00:02]} Kd6 {[%emt 0:00:01]} 25. Ncb3 {[%emt 0:00:02]} f6 {[%emt 0:00:01]} 26. f4 {[%emt 0:00:03]} Nc4 {[%emt 0:00:02]} 27. Nc2 {[%emt 0:00:02]} g6 {[%emt 0:00:01]} 28. Nxb4 {[%emt 0:00:01]} a5 {[%emt 0:00:01]} 29. Nd3 {[%emt 0:00:01]} a4 {[%emt 0:00:02]} 30. Nd4 {[%emt 0:00:01]} Ba6 {[%emt 0:00:01]} 31. b3 {[%emt 0:00:01]} Nxe3 {[%emt 0:00:01]} 32. Nb4 {[%emt 0:00:03]} axb3 {[%emt 0:00:02]} 33. axb3 {[%emt 0:00:02]} Bc8 {[%emt 0:00:06]} 34. Be4 {[%emt 0:00:02]} Kc5 {[%emt 0:00:01]} 35. Ndc2 {[%emt 0:00:04]} f5 {[%emt 0:00:02]} 36. Nxe3 {[%emt 0:00:01]} Bd7 {[%emt 0:00:01]} 37. Nd3+ {[%emt 0:00:02]} Kd4 {[%emt 0:00:01]} 38. Ba8 {[%emt 0:00:00]} Kxd3 {[%emt 0:00:01]} 39. Nd5 {[%emt 0:00:01] . Âðåìÿ ' (Lag: Av=0.35s, max=0.4s)} 1-0

[Event "Stay Safe Play From Home 224"]
[Site "T#646781Emanuel Laske"]
[Date "2020.06.14"]
[Round "2"]
[White "Robk"]
[Black "Haxhi Baha"]
[Result "0-1"]
[WhiteElo "1620"]
[BlackElo "2007"]
[Annotator "TA"]
[PlyCount "56"]
[EventDate "2020.06.14"]
[EventType "swiss (blitz)"]

{[%evp 10,56,158,133,162,47,70,62,74,66,77,69,74,67,88,78,70,-38,-39,-39,-16,-24,0,0,0,0,0,-15,0,-312,-313,-311,-310,-310,-310,-306,-298,-304,-308,-385,-332,-528,-534,-522,-508,-498,-501,-1598,-487]} 1. e4 e5 2. Nf3 Nc6 3. Bb5 Bc5 4. c3 d6 5. d4 exd4 6. cxd4 Bb4+ {[#] C64: Ruy Lopez: Classical Defence (3...Bc5) except 4 0-0 Nf6.} 7. Bd2 (7. Kf1 $1 $18) 7... Bxd2+ $14 8. Qxd2 Bd7 {White is slightly better.} 9. O-O Nge7 10. Nc3 O-O {[#]} 11. Rac1 $146 ({Predecessor:} 11. Rfe1 f6 12. d5 Ne5 13. Nxe5 fxe5 14. Rac1 c6 15. dxc6 bxc6 16. Bc4+ d5 17. exd5 {1-0 (59) Smajzrova,V (1557)-Gemsova,T (1387) Kouty nad Desnou 2017}) 11... a6 12. Ba4 Bg4 13. h3 (13. Nh4 $14) 13... Bxf3 $1 $15 14. gxf3 Ng6 {next ...Qh4 is good for Black.} 15. Kh2 Qh4 {...Nf4 is the strong threat.} 16. Rg1 Nf4 {[%csl Gf4][%cal Rh4h3]} 17. Rg4 Qxh3+ {[%mdl 64] [#] Double Attack} 18. Kg1 {And now Bxc6 would win.} Ng6 $40 {[%mdl 128] Black mounts an attack.} 19. Qg5 $2 {[%mdl 8192]} (19. Rg3 $11 {and White stays safe.} Qh4 20. Nd5) 19... Nxd4 $19 {[%cal Rd4f3]} 20. Bd1 Nxf3+ 21. Bxf3 Qxf3 22. Rg3 Qf4 23. Qxf4 Nxf4 24. Rf1 b5 {[%cal Bb7b5,Bb5b4][%mdl 32]} 25. f3 (25. Rf3 $142 Ng6 26. Rd1) 25... b4 {Black is clearly winning.} 26. Nd5 Ne2+ {[%mdl 64] Double Attack} 27. Kg2 Nxg3 28. Kh2 (28. Kxg3 $142 Ra7 29. Ne7+ Kh8 30. Rc1) 28... c6 {White did not feel at home in the position after the opening. Accuracy: White = 62%, Black = 88%.} (28... Nxf1+ $142 29. Kg1 Nd2) 0-1

[Event "Stay Safe Play From Home 224"]
[Site "T#646781Emanuel Laske"]
[Date "2020.06.14"]
[Round "2"]
[White "Shyamph1980"]
[Black "EL sanbary"]
[Result "0-1"]
[WhiteElo "1517"]
[BlackElo "1891"]
[Annotator "NA RC"]
[PlyCount "62"]
[EventDate "2020.06.14"]
[EventType "swiss (blitz)"]

1. d4 {[%emt 0:00:01]} d6 {[%emt 0:00:01]} 2. c4 {[%emt 0:00:01]} d5 {[%emt 0:00:00]} 3. e3 {[%emt 0:00:02]} Nf6 {[%emt 0:00:01]} 4. Nf3 {[%emt 0:00:01]} e6 {[%emt 0:00:00]} 5. cxd5 {[%emt 0:00:01]} exd5 {[%emt 0:00:02]} 6. Bd3 {[%emt 0:00:01]} g6 {[%emt 0:00:01]} 7. O-O {[%emt 0:00:01]} Bg7 {[%emt 0:00:00]} 8. Bd2 {[%emt 0:00:02]} O-O {[%emt 0:00:00]} 9. Nc3 {[%emt 0:00:01]} Bf5 {[%emt 0:00:03]} 10. Qc2 {[%emt 0:00:02]} Qd7 {[%emt 0:00:02]} 11. Bxf5 {[%emt 0:00:02]} gxf5 {[%emt 0:00:01]} 12. Ne5 {[%emt 0:00:01]} Qe6 {[%emt 0:00:02]} 13. Rfe1 {[%emt 0:00:03]} c6 {[%emt 0:00:01]} 14. Na4 {[%emt 0:00:03]} Nbd7 {[%emt 0:00:04]} 15. Qb3 {[%emt 0:00:04]} Rab8 {[%emt 0:00:02]} 16. Bc3 {[%emt 0:00:04]} Nxe5 {[%emt 0:00:02]} 17. dxe5 {[%emt 0:00:02]} Ne4 {[%emt 0:00:01]} 18. Bb4 {[%emt 0:00:07]} Rfe8 {[%emt 0:00:03]} 19. Bd6 {[%emt 0:00:01]} Rbd8 {[%emt 0:00:02]} 20. Nc5 {[%emt 0:00:02]} Nxc5 {[%emt 0:00:04]} 21. Bxc5 {[%emt 0:00:01]} b6 {[%emt 0:00:01]} 22. Bd4 {[%emt 0:00:01]} Bxe5 {[%emt 0:00:01]} 23. Bxe5 {[%emt 0:00:01]} Qxe5 {[%emt 0:00:00]} 24. Rac1 {[%emt 0:00:02]} Kh8 {[%emt 0:00:01]} 25. Qa4 {[%emt 0:00:01]} c5 {[%emt 0:00:02]} 26. Qxa7 {[%emt 0:00:01]} Rg8 {[%emt 0:00:01]} 27. Qxf7 {[%emt 0:00:02]} Rd6 {[%emt 0:00:02]} 28. g3 {[%emt 0:00:02]} Rdg6 {[%emt 0:00:02]} 29. Qb7 {[%emt 0:00:03]} f4 {[%emt 0:00:01]} 30. exf4 {[%emt 0:00:02]} Qxf4 {[%emt 0:00:02]} 31. Re7 {[%emt 0:00:01]} Qh6 {[%emt 0:00:04] Time (Lag: Av=0.65s, max=0.9s)} 0-1

[Event "Stay Safe Play From Home 224"]
[Site "T#646781Emanuel Laske"]
[Date "2020.06.14"]
[Round "3"]
[White "Rogan"]
[Black "Mepe_Nika"]
[Result "0-1"]
[WhiteElo "2244"]
[BlackElo "2375"]
[Annotator "TA"]
[PlyCount "38"]
[EventDate "2020.06.14"]
[EventType "swiss (blitz)"]

{[%evp 11,37,-14,-11,-48,-21,-30,-23,-62,-68,-64,-52,-118,-5,-20,0,-4,7,9,45,-46,20,10,20,-112,-112,-152,0,-29999]} 1. d4 c5 2. c3 cxd4 3. cxd4 d5 4. Nc3 Nf6 5. Nf3 Nc6 6. Bg5 Ne4 7. e3 {D13: Slav Defence: Exchange variation without ...Bf5.} Nxg5 8. Nxg5 e5 {[#]} 9. h4 $146 {Black has an edge.} ({Predecessor:} 9. Nf3 e4 10. Ne5 Bd6 11. Qb3 Nxe5 12. dxe5 Bxe5 13. Bb5+ Bd7 14. Qxd5 Bxc3+ 15. bxc3 Bxb5 16. Qxb5+ {1-0 (53) Abit,U (1945)-Can,M (2170) Konya 2018}) 9... exd4 10. exd4 Be7 11. Qf3 (11. Bd3 $15) 11... Bxg5 ({Black should try} 11... f6 $17 12. Nxd5 fxg5) 12. hxg5 $11 Qxg5 13. Qxd5 Qxd5 14. Nxd5 {[#] And now Nc7+ would win.} O-O 15. O-O-O (15. Nc7 $14 Rb8 16. d5) 15... Bf5 (15... Rd8 $1 $15 16. Nc7 Bg4 17. Nxa8 Bxd1) 16. Bb5 {Bxc6 is the strong threat.} Rac8 17. Bxc6 (17. Kd2 $11 {remains equal.} Kh8 18. Bxc6 Rxc6 19. Ne3) 17... Rxc6+ $17 18. Kd2 {Strongly threatening Ne7+.} Re8 $2 (18... Rc2+ $17 19. Ke1 Re8+ 20. Ne3 Rxb2) 19. Rhe1 $2 {[%mdl 8192] [#]} (19. Ne3 $11 Be4 20. d5) 19... Rc2# {Accuracy: White = 29%, Black = 59%.} 0-1

[Event "Stay Safe Play From Home 224"]
[Site "T#646781Emanuel Laske"]
[Date "2020.06.14"]
[Round "3"]
[White "Lazieri3"]
[Black "Sfantul321"]
[Result "1-0"]
[WhiteElo "2101"]
[BlackElo "1978"]
[Annotator "NA RC"]
[PlyCount "103"]
[EventDate "2020.06.14"]
[EventType "swiss (blitz)"]

1. e4 {[%emt 0:00:01]} g6 {[%emt 0:00:00]} 2. Nc3 {[%emt 0:00:00]} Bg7 {[%emt 0:00:00]} 3. d4 {[%emt 0:00:00]} c5 {[%emt 0:00:01]} 4. Nf3 {[%emt 0:00:01]} cxd4 {[%emt 0:00:00]} 5. Nxd4 {[%emt 0:00:00]} Nc6 {[%emt 0:00:00]} 6. Nxc6 {[%emt 0:00:01]} bxc6 {[%emt 0:00:01]} 7. Be3 {[%emt 0:00:00]} Rb8 {[%emt 0:00:00]} 8. Rb1 {[%emt 0:00:02]} Qa5 {[%emt 0:00:01]} 9. Bd2 {[%emt 0:00:01]} Qc7 {[%emt 0:00:02]} 10. Bd3 {[%emt 0:00:02]} d6 {[%emt 0:00:00]} 11. O-O {[%emt 0:00:01]} Nf6 {[%emt 0:00:00]} 12. f4 {[%emt 0:00:01]} O-O {[%emt 0:00:00]} 13. f5 {[%emt 0:00:01]} h5 {[%emt 0:00:02]} 14. fxg6 {[%emt 0:00:01]} fxg6 {[%emt 0:00:01]} 15. Qe2 {[%emt 0:00:03]} Ng4 {[%emt 0:00:01]} 16. h3 {[%emt 0:00:01]} Ne5 {[%emt 0:00:01]} 17. Rxf8+ {[%emt 0:00:03]} Kxf8 {[%emt 0:00:01]} 18. Rf1+ {[%emt 0:00:02]} Kg8 {[%emt 0:00:00]} 19. Bc1 {[%emt 0:00:01]} Kh7 {[%emt 0:00:01]} 20. Nd1 {[%emt 0:00:02]} Be6 {[%emt 0:00:02]} 21. Ne3 {[%emt 0:00:01]} c5 {[%emt 0:00:02]} 22. Nf5 {[%emt 0:00:01]} gxf5 {[%emt 0:00:04]} 23. Qxh5+ {[%emt 0:00:01]} Kg8 {[%emt 0:00:01]} 24. exf5 {[%emt 0:00:01]} Bf7 {[%emt 0:00:02]} 25. Qg4 {[%emt 0:00:02]} Nxd3 {[%emt 0:00:03]} 26. cxd3 {[%emt 0:00:01]} Kf8 {[%emt 0:00:02]} 27. f6 {[%emt 0:00:03]} Bxf6 {[%emt 0:00:01]} 28. Bh6+ {[%emt 0:00:02]} Ke8 {[%emt 0:00:01]} 29. Qe4 {[%emt 0:00:04]} Qb7 {[%emt 0:00:04]} 30. Qh7 {[%emt 0:00:04]} Bd5 {[%emt 0:00:03]} 31. Qg6+ {[%emt 0:00:08]} Kd7 {[%emt 0:00:01]} 32. Bf4 {[%emt 0:00:02]} Bxg2 {[%emt 0:00:02]} 33. Qxg2 {[%emt 0:00:02]} Qxg2+ {[%emt 0:00:01]} 34. Kxg2 {[%emt 0:00:00]} Rxb2+ {[%emt 0:00:00]} 35. Rf2 {[%emt 0:00:00]} Rb8 {[%emt 0:00:02]} 36. Kf3 {[%emt 0:00:01]} Rf8 {[%emt 0:00:02]} 37. Rh2 {[%emt 0:00:00]} Be5 {[%emt 0:00:02]} 38. Ke2 {[%emt 0:00:01]} Rxf4 {[%emt 0:00:01]} 39. Rh1 {[%emt 0:00:00]} Rh4 {[%emt 0:00:02]} 40. Kf3 {[%emt 0:00:01]} Ke6 {[%emt 0:00:00]} 41. Kg2 {[%emt 0:00:00]} Kd5 {[%emt 0:00:01]} 42. Rf1 {[%emt 0:00:00]} Kd4 {[%emt 0:00:01]} 43. Rf7 {[%emt 0:00:00]} Bf6 {[%emt 0:00:01]} 44. Rf8 {[%emt 0:00:00]} Rf4 {[%emt 0:00:01]} 45. Ra8 {[%emt 0:00:00]} Kxd3 {[%emt 0:00:00]} 46. Rxa7 {[%emt 0:00:00] Lazieri3 offers a draw} Rb4 {[%emt 0:00:00]} 47. Ra3+ {[%emt 0:00:00]} Kd4 {[%emt 0:00:02]} 48. Kg3 {[%emt 0:00:00]} Rb2 {[%emt 0:00:01]} 49. Kg4 {[%emt 0:00:00]} Kd5 {[%emt 0:00:01]} 50. Kh5 {[%emt 0:00:00]} Ke6 {[%emt 0:00:00]} 51. Rd3 {[%emt 0:00:01]} Rg2 {[%emt 0:00:00]} 52. Re3+ {[%emt 0:00:00] Time (Lag: Av=0.78s, max=6.5s)} 1-0

[Event "Stay Safe Play From Home 224"]
[Site "T#646781Emanuel Laske"]
[Date "2020.06.14"]
[Round "3"]
[White "Haxhi Baha"]
[Black "SoulofWolf"]
[Result "0-1"]
[WhiteElo "2010"]
[BlackElo "2112"]
[Annotator "TA"]
[PlyCount "66"]
[EventDate "2020.06.14"]
[EventType "swiss (blitz)"]

{[%evp 9,66,0,118,-1,51,48,47,3,33,19,31,-2,116,14,58,-54,139,121,105,73,93,94,248,231,187,-112,152,107,188,180,210,120,258,134,122,-297,-304,-289,-287,-285,-290,-282,234,-495,-479,-605,-610,-606,-603,-1265,-593,-2626,-1018,-1006,-957,-1199,-1021,-1006,-969]} 1. e4 d5 2. exd5 Nf6 3. Nc3 Nxd5 4. Qf3 e6 5. Bc4 {[#]} c5 $146 (5... Nf6 $11) ({Predecessor:} 5... Nb6 6. Bb3 Nc6 7. Nge2 Be7 8. d3 O-O 9. Be3 Na5 10. h4 Nxb3 11. axb3 Nd5 12. O-O-O a5 13. h5 h6 14. g4 b6 15. Rhg1 Bb7 16. Qh3 Nxe3 17. Qxe3 {0-1 (49) Milenkovic,M (2330)-Marinkovic,I (2502) Smederevska Palanka 2016}) 6. Nge2 {B02: Alekhine's Defence: Chase Variation and lines with early Nc3.} (6. Bxd5 exd5 7. Nxd5 Bd6 $14) (6. Nxd5 $16 exd5 7. Bxd5) 6... Nxc3 (6... Nb4 $11 7. Kd1 Be7) 7. dxc3 $14 Nc6 8. a3 {White is slightly better.} Be7 9. Bf4 O-O 10. h4 Bf6 (10... e5 $11 {keeps the balance.} 11. Be3 Qb6) 11. g4 (11. Bd3 $1 $16) 11... e5 12. Bd2 (12. Be3 $14) 12... Bxh4 $2 (12... e4 $1 $15 {stays ahead.} 13. Qxe4 Re8) 13. Qh3 $1 $36 {[%cal Rh3h4][%mdl 2048] White is on the roll.} g5 14. O-O-O {[%mdl 1024] White has strong compensation.} Qf6 15. Ng3 $1 Ne7 $2 (15... Be6 $16 16. Bd3 Bd5) 16. Ne4 $18 Qg6 17. Kb1 $2 ({Resist} 17. Nxc5 $6 Qc6 $14) (17. f3 $18) 17... h6 $2 {[%mdl 8192]} (17... Qxe4 $17 {stays on course.} 18. Bxg5 Bxg5) 18. Ng3 ({Inferior is} 18. Nxc5 Qc6 $11) 18... a6 (18... Bxg3 $16 19. fxg3 Kg7) 19. Bd3 Qb6 20. Nh5 (20. Ne4 $18 {Hoping for Nxg5!} c4 21. Bxc4) 20... Ng6 (20... f5 $16) 21. f4 (21. Qf3 $18) 21... exf4 $16 22. Bxf4 $2 {[%mdl 8192]} (22. c4 $1 $16 {is necessary to keep the advantage.}) 22... gxf4 $19 ({Worse is} 22... Nxf4 23. Nxf4 Qf6 24. Ng2 $16) 23. Bxg6 fxg6 24. Qxh4 {And now Qe7 would win.} gxh5 25. Qxh5 Qf6 $4 {[%mdl 8192] [#]} (25... f3 $19 {White must now prevent ...Qc6.} 26. g5 Bf5) 26. Rdg1 $4 {[%mdl 8192] [#]} (26. g5 $1 $18 {[%cal Rg5f6][%mdl 512] was the only winning move.} Qe7 (26... Qxg5 27. Rdg1) 27. Rde1) 26... Qg5 $1 {Black is clearly winning.} 27. Qh3 Be6 28. Qd3 Rad8 29. Qe4 Bf7 {Threatens to win with ...Bd5.} 30. Qe5 Rde8 31. Qxg5+ hxg5 32. Rh6 Kg7 33. Rgh1 Bg6 {Accuracy: White = 27%, Black = 29%.} 0-1

[Event "Stay Safe Play From Home 224"]
[Site "T#646781Emanuel Laske"]
[Date "2020.06.14"]
[Round "3"]
[White "EL sanbary"]
[Black "little champs"]
[Result "1/2-1/2"]
[WhiteElo "1895"]
[BlackElo "2214"]
[Annotator "TA"]
[PlyCount "112"]
[EventDate "2020.06.14"]
[EventType "swiss (blitz)"]

{[%evp 16,112,-16,-8,-15,-16,0,-14,-10,-45,-43,-54,-46,-106,-94,-145,-134,-271,9,0,47,41,47,-27,0,0,10,-24,450,35,61,0,2,0,249,117,227,252,422,14,383,376,601,596,582,581,590,416,483,503,494,443,729,719,783,776,764,581,580,545,550,452,485,372,316,54,59,0,0,0,0,0,0,0,0,0,0,0,0,0,0,0,0,0,0,0,0,0,0,0,0,0,0,0,0,0,0,0,0]} 1. c4 e6 2. g3 d5 3. cxd5 exd5 4. d4 c6 5. Bg2 Nf6 6. Nf3 Be7 7. O-O O-O 8. Nc3 Nbd7 9. Bf4 Nb6 {E07: Closed Catalan: Main Line (5 Nf3 0-0 6 0-0 Nbd7).} 10. Ne5 {[#]} Bd6 $146 ({Predecessor:} 10... Bf5 11. Re1 Rc8 12. e4 dxe4 13. Nxe4 Nxe4 14. Bxe4 Bxe4 15. Rxe4 Nd5 16. Bd2 f5 17. Re2 {½-½ (37) Weinitschke,H (1614)-Rose,H (1522) Bremen 2017}) 11. b3 Re8 12. Rc1 Bf5 13. Qd2 Nh5 14. f3 (14. Be3 $15) 14... Nxf4 $17 15. gxf4 ({White should play} 15. Qxf4 Bg6 16. Qd2) 15... f6 16. Nd3 (16. Ng4 $17 {was forced.}) 16... Qc7 $2 (16... Bxd3 $1 $19 17. exd3 f5) 17. e4 $11 dxe4 18. fxe4 Bg6 {[#]} 19. e5 (19. Nb5 $1 $14 {[%mdl 512]} Qe7 (19... cxb5 20. Rxc7) 20. Nxd6 Qxd6 21. Nc5) 19... fxe5 20. fxe5 {aiming for Nb5!} Be7 21. Be4 Bf7 $2 {[%mdl 8192] [#]} (21... Qd7 $11 {and Black stays safe.} 22. Nf4 Bxe4 23. Nxe4 (23. e6 Qd8 $15) 23... Rf8) 22. Rf2 $2 ({White must play} 22. Rxf7 $1 $18 {[%mdl 512]} Kxf7 23. Bxh7) 22... Qd7 23. Qe3 (23. Qf4 $6 Rf8 $11) (23. Kh1 $14) 23... Rad8 24. Ne2 $36 {[%mdl 2048] Black is under pressure.} h6 $2 (24... Nd5 $11 25. Qg3 (25. Qf3 Bg5 $11) 25... Rf8) 25. Rcf1 (25. Qg3 $18 {is more deadly. Threatens to win with Rxf7!} Bd5 26. Bf5 (26. Rg2 Bg5 $11)) 25... Bg5 {[#]} (25... Bd5 $16 {was necessary.}) 26. Qg3 $1 $18 ({Not} 26. Qf3 Bd5 $14) 26... Bh5 $2 (26... Bd5) 27. Nef4 $2 (27. h4 $18 Bxh4 28. Qxh4 Qg4+ 29. Qxg4 Bxg4 30. Bg6) 27... Bxf4 $2 {[%mdl 8192]} (27... Qxd4 $11 {and Black has nothing to worry.} 28. h4 Bxf4 29. Nxf4 Qxe5) 28. Nxf4 ({Worse is} 28. Qxf4 g5 $11) 28... Qg4 (28... Bg4 $142 29. Bg6 Bf5 30. Bxe8 Rxe8) 29. Nxh5 Qxh5 {[#]} 30. Bg6 $1 {[%mdl 576] Double Attack} Qg5 31. Bxe8 Qxg3+ 32. hxg3 Rxe8 {[%mdl 4096] Endgame KRR-KRN} 33. Rf7 Nd5 (33... Rb8 $142 34. R1f3 Nd5) 34. Rxb7 Re6 35. Rxa7 Rg6 36. Kg2 Ne3+ 37. Kf2 Nxf1 38. Kxf1 Rxg3 {KR-KR} 39. e6 Re3 40. e7 $2 ({Better is} 40. Ra8+ $18 Kh7 41. a4 Rxe6 42. a5) 40... Kf7 $14 {[#]} 41. Kf2 (41. e8=R+ $1 $14 {[%mdl 512]} Kxe8 42. Rxg7) 41... Rxe7 $11 {The position is equal.} 42. Rxe7+ Kxe7 {K3P-K3P} 43. a4 Kd6 44. b4 Kc7 45. Ke3 Kb6 46. Ke4 g6 47. d5 cxd5+ 48. Kxd5 {KPP-KPP} g5 49. Ke5 h5 50. Kf5 h4 {( -> ...h3)} 51. Kg4 Kc6 52. b5+ Kb6 53. Kh3 Ka5 54. Kg4 Kb6 55. Kh3 Kc5 56. Kg4 Kb6 {Never resign too early! Accuracy: White = 49%, Black = 53%.} 1/2-1/2

[Event "Stay Safe Play From Home 224"]
[Site "T#646781Emanuel Laske"]
[Date "2020.06.14"]
[Round "3"]
[White "mehrdadahouran"]
[Black "Edmatuag"]
[Result "0-1"]
[WhiteElo "1863"]
[BlackElo "1694"]
[Annotator "NA RC"]
[PlyCount "74"]
[EventDate "2020.06.14"]
[EventType "swiss (blitz)"]

1. d4 {[%emt 0:00:01]} e6 {[%emt 0:00:00]} 2. c4 {[%emt 0:00:01]} d5 {[%emt 0:00:00]} 3. Nc3 {[%emt 0:00:01]} c5 {[%emt 0:00:01]} 4. cxd5 {[%emt 0:00:01]} exd5 {[%emt 0:00:01]} 5. Nf3 {[%emt 0:00:01]} Nc6 {[%emt 0:00:02]} 6. e3 {[%emt 0:00:04]} Bg4 {[%emt 0:00:02]} 7. Be2 {[%emt 0:00:02]} Nf6 {[%emt 0:00:02]} 8. O-O {[%emt 0:00:02]} Bd6 {[%emt 0:00:01]} 9. h3 {[%emt 0:00:01]} Bxf3 {[%emt 0:00:02]} 10. Bxf3 {[%emt 0:00:00]} Ne7 {[%emt 0:00:01]} 11. dxc5 {[%emt 0:00:01]} Bxc5 {[%emt 0:00:01]} 12. b3 {[%emt 0:00:02]} Bb4 {[%emt 0:00:02]} 13. Bb2 {[%emt 0:00:01]} O-O {[%emt 0:00:01]} 14. Qd4 {[%emt 0:00:01]} Bxc3 {[%emt 0:00:03]} 15. Bxc3 {[%emt 0:00:02]} Nf5 {[%emt 0:00:02]} 16. Qd3 {[%emt 0:00:02]} Ne7 {[%emt 0:00:04]} 17. Rfd1 {[%emt 0:00:02]} Qc7 {[%emt 0:00:02]} 18. Bxf6 {[%emt 0:00:01]} gxf6 {[%emt 0:00:03]} 19. Bxd5 {[%emt 0:00:01]} Nxd5 {[%emt 0:00:02]} 20. Qxd5 {[%emt 0:00:01]} Rad8 {[%emt 0:00:02]} 21. Qf5 {[%emt 0:00:01]} Rxd1+ {[%emt 0:00:02]} 22. Rxd1 {[%emt 0:00:01]} Qc6 {[%emt 0:00:02]} 23. Rd4 {[%emt 0:00:02]} Qe6 {[%emt 0:00:03]} 24. Rg4+ {[%emt 0:00:02]} Kh8 {[%emt 0:00:01]} 25. Qh5 {[%emt 0:00:03]} Rg8 {[%emt 0:00:02]} 26. Rxg8+ {[%emt 0:00:02]} Kxg8 {[%emt 0:00:00]} 27. Qb5 {[%emt 0:00:03]} b6 {[%emt 0:00:03]} 28. Qa4 {[%emt 0:00:01]} a5 {[%emt 0:00:02]} 29. Qb5 {[%emt 0:00:02]} Kg7 {[%emt 0:00:01]} 30. h4 {[%emt 0:00:02]} Qd6 {[%emt 0:00:01]} 31. h5 {[%emt 0:00:01]} Qd1+ {[%emt 0:00:01]} 32. Kh2 {[%emt 0:00:02]} Qg4 {[%emt 0:00:01]} 33. g3 {[%emt 0:00:04]} f5 {[%emt 0:00:01]} 34. Kg2 {[%emt 0:00:02]} Qxh5 {[%emt 0:00:01]} 35. f3 {[%emt 0:00:01]} Qg6 {[%emt 0:00:01]} 36. Qd5 {[%emt 0:00:02]} Qe6 {[%emt 0:00:00]} 37. Qd4+ {[%emt 0:00:01]} Kg6 {[%emt 0:00:01] Time (Lag: Av=0.51s, max=3.6s) .} 0-1